Statistics for Top 10 Fruit Producing Countries in the World

Click here to take the quiz!

General Stats

  • This quiz has been taken 386 times
  • The average score is 8 of 10

Answer Stats

Tonnes/YearCountry% Correct
30,103,485United States
98%
31,795,847Brazil
96%
68,738,534China
95%
48.570,295India
95%
14,217,836Mexico
89%
14,920,583Spain
87%
11,367,284France
86%
18,274,937Italy
85%
12,528,502Iran
53%
11,846,246Philippines
48%

Score Distribution

Percentile by Number Answered

Percent of People with Each Score

Your Score History

You have not taken this quiz